Catalogue de la Bibliothèque de l'ENSA

Hydrology of marsh - ridden areas (notice nᵒ 8608)

détails MARC
000 -LEADER
fixed length control field 00682nam a2200193Ia 4500
008 - FIXED-LENGTH DATA ELEMENTS--GENERAL INFORMATION
fixed length control field 160105s9999 xx 000 0 und d
041 ## - LANGUAGE CODE
Language code of text/sound track or separate title eng
110 ## - MAIN ENTRY--CORPORATE NAME
Corporate name or jurisdiction name as entry element International Association of Hydrological Sciences
111 ## - MAIN ENTRY--MEETING NAME
Meeting name or jurisdiction name as entry element International symposium on the hydrology of marsh-ridden areas
111 ## - MAIN ENTRY--MEETING NAME
Location of meeting Paris
111 ## - MAIN ENTRY--MEETING NAME
Date of meeting 17/06/1972-21/06/1972
245 ## - TITLE STATEMENT
Title Hydrology of marsh - ridden areas
260 ## - PUBLICATION, DISTRIBUTION, ETC.
Place of publication, distribution, etc Paris
260 ## - PUBLICATION, DISTRIBUTION, ETC.
Date of publication, distribution, etc 1975
654 ## - SUBJECT ADDED ENTRY--FACETED TOPICAL TERM
General subdivision HYDROLOGIE/ENQUETE/CLIMAT/HYDROGEOLOGIE/SOL/VEGETATION/ZONE TEMPEREE/EAU/MODELE DE SIMULATION/DRAINAGE/IRRIGATION/TECHNIQUE DE PREVISION/METEOROLOGIE/FORET/TENEUR EN EAU/EUROPE
942 ## - ADDED ENTRY ELEMENTS (KOHA)
Koha item type Actes de Congrès
994 ## -
-- 108693
Exemplaires
Withdrawn status Lost status Damaged status Use restrictions Not for loan Home library Current library Cost, normal purchase price Shelving control number Total Checkouts Total Renewals Total Holds Full call number Barcode Cost, replacement price Koha item type
          Bibliothèque Centrale Bibliothèque Centrale 0.00         BC_600 91 BC_600 91 0.00 Actes de Congrès

Adresse: Ecole Nationale Supérieure Agronomique Hassen Badi - El Harrach Alger, Algérie

Tél +213 (0) 23 82 85 07+213 (0) 23 82 85 12 Fax +213 23 82 85 03/04 Courriel: bibliotheque@edu.ensa.dz